Utilizacion de etanol anhidro como disolvente sustituto en la industria de pinturas
שמור ב:
| מחבר ראשי: | |
|---|---|
| פורמט: | Tesis ספר |
| שפה: | Undetermined |
| יצא לאור: |
1984
|
| נושאים: | |
| תגים: |
הוספת תג
אין תגיות, היה/י הראשונ/ה לתייג את הרשומה!
|
MARC
| LEADER | 00000nam a2200000Ia 4500 | ||
|---|---|---|---|
| 001 | 2520 | ||
| 008 | 140114s9999 xx 000 0 und d | ||
| 100 | |a Gadea Rivas, Gloria | ||
| 245 | |a Utilizacion de etanol anhidro como disolvente sustituto en la industria de pinturas | ||
| 260 | |c 1984 | ||
| 500 | |a NULL | ||
| 502 | |a Escuela de ingenieria Quimica | ||
| 650 | |z ETANOL ANHIDRO | ||
| 999 | |c 11593 |d 11593 | ||
